Word Chain - Midwest US Cities - Statistics

General Stats
  • This quiz has been taken 56 times
  • The average score is 5 of 10
Answer Stats
Hint Answer % Correct
The “crossroads of America” and birthplace of Kurt Vonnegut. Also, there’s a racetrack. Indianapolis
90%
Ohio River city named for a Roman statesman. Cincinnati
86%
Home to University of Michigan Ann Arbor
78%
Second largest city in South Dakota, its name includes a feature of the creek it’s named for. Rapid City
61%
Wisconsin city that shares its name, which means “clear waters,” with a river. Eau Claire
47%
Ohio rustbelt city where revival efforts have gained traction in recent years. Youngstown
45%
Michigan city famous for a series of locks that allow ship travel from Lake Huron to Lake Superior. Sault Ste. Marie
41%
Chicago suburb on the Fox River. Elgin
33%
Hoosier city of 152,000 that's absolutely not south. North
20%
Small Iowa town that shares its name with a famous poem by Longfellow, “The Song of ___” Hiawatha
12%
No matching quizzes found
Score Distribution
Percent of People with Each Score
Percentile by Number Answered
Your Score History
You have not taken this quiz